Tennisti con più partite vinte negli Slam - Statistics

Statistiche generali
  • Questo quiz è stato fatto 6 volte
  • Il punteggio medio è 11 su 15
Statistiche sulle risposte
Nazione Partite vinte Tennista % Corretto
Serbia 361 Novak Djokovic
100%
Spagna 314 Rafael Nadal
100%
Svizzera 369 Roger Federer
100%
Stati Uniti 224 Andre Agassi
83%
Regno Unito 200 Andy Murray
83%
Spagna 145 David Ferrer
83%
Stati Uniti 167 John McEnroe
83%
Stati Uniti 203 Pete Sampras
83%
Svizzera 155 Stan Wawrinka
83%
Cecoslovacchia / Stati Uniti 222 Ivan Lendl
67%
Repubblica Ceca 146 Tomáš Berdych
67%
Germania Ovest / Germania 163 Boris Becker
50%
Stati Uniti 233 Kimmy Connors
50%
Australia 148 Lleyton Hewitt
50%
Svezia 178 Stefan Edberg
50%
Nessun quiz corrispondente trovato
Distribuzione punteggi
Percentuale di utenti per punteggio
Percentile per numero di risposta
I tuoi punteggi nel tempo
Non hai fatto questo quiz